Statistics for NATO Members by Picture

Click here to take the quiz!

General Stats

  • This quiz has been taken 23 times
    (4 since last reset)
  • The average score is 21 of 30

Answer Stats

Answer% Correct
Canada
100%
France
100%
Germany
100%
Greece
100%
Italy
100%
Netherlands
100%
Portugal
100%
Spain
100%
United Kingdom
100%
United States of America
100%
Belgium
75%
Croatia
75%
Estonia
75%
Finland
75%
Hungary
75%
Iceland
75%
Latvia
75%
Poland
75%
Turkey
75%
Albania
50%
Bulgaria
50%
Czechia
50%
Denmark
50%
Lithuania
50%
Luxembourg
50%
Norway
50%
Montenegro
25%
Romania
25%
Slovakia
25%
Slovenia
25%

Score Distribution

Percentile by Number Answered

Percent of People with Each Score

Your Score History

You have not taken this quiz since the last reset